| 000 | 00815pam a2200229 a 4500 | ||
|---|---|---|---|
| 999 |
_c57393 _d57393 |
||
| 005 | 20181217163308.0 | ||
| 010 | _aG-001750 | ||
| 020 |
_a9788122204926 _c150.00 |
||
| 035 | _aG-001750 | ||
| 082 | 0 | 0 |
_a282.335 _2DPL modified |
| 245 | 0 | 0 |
_aMy Christmas treasury / _c[compiled by] Norman Vincent Peale. |
| 250 | _a1st ed. | ||
| 260 |
_aNew Delhi : _bOrient Publishing, _c2010. |
||
| 270 |
_a5A/8, Ansari Road, New Delhi _b New Delhi |
||
| 300 |
_aviii, 140 p. : _bill. ; _c18 cm. (Pbk) |
||
| 500 | _a"A Giniger book." | ||
| 650 | 0 | _aChristmas. | |
| 700 | 1 |
_aPeale, Norman Vincent, _d1898-1993. _935322 |
|
| 942 |
_2ddc _cCH _h282.335 _mMYC |
||